| 000 -LEADER |
| fixed length control field |
01784cam a2200445 i 4500 |
| 001 - CONTROL NUMBER |
| control field |
18490219 |
| 003 - CONTROL NUMBER IDENTIFIER |
| control field |
NUST |
| 005 - DATE AND TIME OF LATEST TRANSACTION |
| control field |
20220316194836.0 |
| 008 - FIXED-LENGTH DATA ELEMENTS--GENERAL INFORMATION |
| fixed length control field |
150212r20142000flua b 001 0 eng |
| 010 ## - LIBRARY OF CONGRESS CONTROL NUMBER |
| LC control number |
2013018639 |
| Canceled/invalid LC control number |
2013387219 |
| 020 ## - INTERNATIONAL STANDARD BOOK NUMBER |
| International Standard Book Number |
9781439852088 |
| Qualifying information |
(v. 1: hardback : acid-free paper) |
| 020 ## - INTERNATIONAL STANDARD BOOK NUMBER |
| International Standard Book Number |
9781439852071 |
| Qualifying information |
(v. 2 : hardback) |
| 020 ## - INTERNATIONAL STANDARD BOOK NUMBER |
| International Standard Book Number |
9781439852187 |
| Qualifying information |
(v. 3 : hardback) |
| 020 ## - INTERNATIONAL STANDARD BOOK NUMBER |
| International Standard Book Number |
9781439852194 |
| Qualifying information |
(v. 4 : hardback) |
| 020 ## - INTERNATIONAL STANDARD BOOK NUMBER |
| International Standard Book Number |
9781439852217 |
| Qualifying information |
(v. 5 : hardback) |
| 020 ## - INTERNATIONAL STANDARD BOOK NUMBER |
| Canceled/invalid ISBN |
1439852332 (electronic) |
| 038 ## - RECORD CONTENT LICENSOR |
| Staff Name |
SAIF |
| 040 ## - CATALOGING SOURCE |
| Original cataloging agency |
DLC |
| Language of cataloging |
eng |
| Description conventions |
rda |
| Transcribing agency |
DLC |
| Modifying agency |
DLC |
| 042 ## - AUTHENTICATION CODE |
| Authentication code |
pcc |
| 050 00 - LIBRARY OF CONGRESS CALL NUMBER |
| Classification number |
TG315 |
| Item number |
.B68 2014 |
| 082 00 - DEWEY DECIMAL CLASSIFICATION NUMBER |
| Classification number |
624.2 |
| Edition number |
21 |
| Author Mark |
CHE |
| 245 00 - TITLE STATEMENT |
| Title |
Bridge engineering handbook / |
| Statement of responsibility, etc. |
edited by Wai-Fah Chen and Lian Duan. |
| 250 ## - EDITION STATEMENT |
| Edition statement |
Second edition. |
| 264 #1 - PRODUCTION, PUBLICATION, DISTRIBUTION, MANUFACTURE, AND COPYRIGHT NOTICE |
| Place of production, publication, distribution, manufacture |
Boca Raton, FL : |
| Name of producer, publisher, distributor, manufacturer |
CRC Press, Taylor & Francis Group, |
| Date of production, publication, distribution, manufacture, or copyright notice |
[2014] |
| 300 ## - PHYSICAL DESCRIPTION |
| Extent |
5 volumes : |
| Other physical details |
illustrations ; |
| Dimensions |
26 cm |
| 336 ## - CONTENT TYPE |
| Content type term |
text |
| Content type code |
txt |
| Source |
rdacontent |
| 337 ## - MEDIA TYPE |
| Media type term |
unmediated |
| Media type code |
n |
| Source |
rdamedia |
| 338 ## - CARRIER TYPE |
| Carrier type term |
volume |
| Carrier type code |
nc |
| Source |
rdacarrier |
| 500 ## - GENERAL NOTE |
| General note |
Part of the 2000 edition revised and published separately. |
| 504 ## - BIBLIOGRAPHY, ETC. NOTE |
| Bibliography, etc. note |
Includes bibliographical references and index. |
| 505 0# - FORMATTED CONTENTS NOTE |
| Formatted contents note |
[v. 1] Construction and Maintenance -- [v. 2] Fundamentals -- [v. 3] Seismic Design -- [v. 4] Substructure Design -- [v. 5] Superstructure Design. |
| 563 ## - BINDING INFORMATION |
| Binding note |
H.B |
| 650 #0 - SUBJECT ADDED ENTRY--TOPICAL TERM |
| Topical term or geographic name entry element |
Bridges |
| General subdivision |
Design and construction. |
| 9 (RLIN) |
801 |
| 650 #0 - SUBJECT ADDED ENTRY--TOPICAL TERM |
| Topical term or geographic name entry element |
Bridges |
| General subdivision |
Maintenance and repair. |
| 9 (RLIN) |
802 |
| 700 1# - ADDED ENTRY--PERSONAL NAME |
| Personal name |
Chen, Wai-Fah, |
| Dates associated with a name |
1936- |
| Relator term |
editor. |
| 9 (RLIN) |
19840 |
| 700 1# - ADDED ENTRY--PERSONAL NAME |
| Personal name |
Duan, Lian, |
| Relator term |
editor. |
| 9 (RLIN) |
90623 |
| 906 ## - LOCAL DATA ELEMENT F, LDF (RLIN) |
| a |
7 |
| b |
cbc |
| c |
origres |
| d |
2 |
| e |
epcn |
| f |
20 |
| g |
y-gencatlg |
| 942 ## - ADDED ENTRY ELEMENTS (KOHA) |
| Source of classification or shelving scheme |
|
| Koha item type |
Book |